Komparácia nástrojov na boj s nezamestnanosťou v EÚ a USA bakalárska práca

Uložené v:
Podrobná bibliografia
Hlavný autor: Šabová, Bibiána
Korporativný autor: Fakulta medzinárodných vzťahov EU. Katedra medzinárodných politických vzťahov
Ďalší autori: Hulmanová, Margita
Médium: Kniha
Jazyk:Slovak
Vydavateľské údaje: Bratislava 2011
Tagy: Pridať tag
Žiadne tagy, Buďte prvý, kto otaguje tento záznam!

MARC

LEADER 00000nbm a2200000 4500
001 0131142
005 20161109111411.2
041 0 |a slo 
044 |a SK 
245 1 0 |a Komparácia nástrojov na boj s nezamestnanosťou v EÚ a USA  |b bakalárska práca  |c Bibiána Šabová ; školiteľ: Margita Hulmanová 
264 1 |a Bratislava  |c 2011 
300 |a 50 s. 
100 1 |a Šabová, Bibiána 
700 1 |a Hulmanová, Margita 
710 2 |a Fakulta medzinárodných vzťahov EU. Katedra medzinárodných politických vzťahov